Southville International School and Colleges
Your cart is empty.
  • Cart
  • Lists
    Public lists Eva Luna New books Lux_list list_1
    Your lists Log in to create your own lists
  • Log in to your account
  • Your cookies
  • Search history
Southville International School and Colleges
  • Advanced search
  • Recent comments
  • Most popular
  • Libraries

Log in to your account

Log in with GOOGLE


If you do not have an external account, but do have a local account, you can still log in:

  1. Home
  2. MARC view: Leon's story /
Normal view MARC view ISBD view

Leon's story / (Record no. 33771)

[ view plain ]
MARC details
000 -LEADER
fixed length control field 01756cam a2200421 a 4500
001 - CONTROL NUMBER
control field 1636730
003 - CONTROL NUMBER IDENTIFIER
control field OSt
005 - DATE AND TIME OF LATEST TRANSACTION
control field 20140408084301.0
008 - FIXED-LENGTH DATA ELEMENTS--GENERAL INFORMATION
fixed length control field 960830s1997 nyua c 000 0deng
010 ## - LIBRARY OF CONGRESS CONTROL NUMBER
LC control number 96043544
020 ## - INTERNATIONAL STANDARD BOOK NUMBER
International Standard Book Number 0439283191
Terms of availability $14.00 ($18.95 Can.)
040 ## - CATALOGING SOURCE
Original cataloging agency DLC
Transcribing agency DLC
Modifying agency DLC
042 ## - AUTHENTICATION CODE
Authentication code lcac
043 ## - GEOGRAPHIC AREA CODE
Geographic area code n-us-nc
050 00 - LIBRARY OF CONGRESS CALL NUMBER
Classification number F 264.F86
Item number .T55 2002
100 1# - MAIN ENTRY--PERSONAL NAME
Personal name Tillage, Leon Walter,
Dates associated with a name 1936-
9 (RLIN) 24253
245 10 - TITLE STATEMENT
Title Leon's story /
Statement of responsibility, etc Leon Tillage, with pictures by Susan L. Roth.
250 ## - EDITION STATEMENT
Edition statement 1st ed.
260 ## - PUBLICATION, DISTRIBUTION, ETC. (IMPRINT)
Place of publication, distribution, etc New York :
Name of publisher, distributor, etc Scholastic Inc.
Date of publication, distribution, etc 2002.
300 ## - PHYSICAL DESCRIPTION
Extent 107 p. :
Other physical details ill. ;
Dimensions 19 cm.
521 ## - TARGET AUDIENCE NOTE
Target audience note
526 ## - STUDY PROGRAM INFORMATION NOTE
Reading level 970
600 10 - SUBJECT ADDED ENTRY--PERSONAL NAME
Personal name Tillage, Leon Walter,
Dates associated with a name 1936-
General subdivision Childhood and youth
-- Juvenile literature.
9 (RLIN) 24254
600 10 - SUBJECT ADDED ENTRY--PERSONAL NAME
Personal name Tillage, Leon Walter,
Dates associated with a name 1936-
9 (RLIN) 24255
650 #0 - SUBJECT ADDED ENTRY--TOPICAL TERM
Topical term or geographic name as entry element African Americans
Geographic subdivision North Carolina
-- Fuquay-Varina
General subdivision Biography
-- Juvenile literature.
9 (RLIN) 24256
650 #0 - SUBJECT ADDED ENTRY--TOPICAL TERM
Topical term or geographic name as entry element Civil rights movements
Geographic subdivision North Carolina
General subdivision History
Chronological subdivision 20th century
General subdivision Juvenile literature.
9 (RLIN) 24257
650 #1 - SUBJECT ADDED ENTRY--TOPICAL TERM
Topical term or geographic name as entry element African Americans
General subdivision Biography.
9 (RLIN) 24258
650 #1 - SUBJECT ADDED ENTRY--TOPICAL TERM
Topical term or geographic name as entry element Civil rights movements
General subdivision History.
9 (RLIN) 24259
651 #0 - SUBJECT ADDED ENTRY--GEOGRAPHIC NAME
Geographic name North Carolina
General subdivision Race relations
-- Juvenile literature.
9 (RLIN) 24260
651 #0 - SUBJECT ADDED ENTRY--GEOGRAPHIC NAME
Geographic name Fuquay-Varina (N.C.)
General subdivision Biography
-- Juvenile literature.
9 (RLIN) 24261
651 #1 - SUBJECT ADDED ENTRY--GEOGRAPHIC NAME
Geographic name North Carolina
General subdivision Race relations.
9 (RLIN) 24262
700 1# - ADDED ENTRY--PERSONAL NAME
Personal name Roth, Susan L.,
Relator term ill.
9 (RLIN) 24263
856 42 - ELECTRONIC LOCATION AND ACCESS
Materials specified Publisher description
Uniform Resource Identifier <a href="http://www.loc.gov/catdir/enhancements/fy0601/96043544-d.html">http://www.loc.gov/catdir/enhancements/fy0601/96043544-d.html</a>
906 ## - LOCAL DATA ELEMENT F, LDF (RLIN)
a 7
b cbc
c orignew
d 1
e ocip
f 19
g y-gencatlg
942 ## - ADDED ENTRY ELEMENTS (KOHA)
Source of classification or shelving scheme Library of Congress Classification
Koha item type Books
Holdings
Withdrawn status Lost status Source of classification or shelving scheme Damaged status Home library Current library Shelving location Date acquired Total Checkouts Full call number Barcode Date last seen Copy number Price effective from Koha item type
    Library of Congress Classification   Luxembourg Library Luxembourg Library Scholastic Reading Center Section 10/07/2013   F 264.F86 .T55 2002 LEX0838 04/18/2017 1 10/07/2013 Books

Leon's story /

APA

Tillage L. W., Roth S. L., . (2002). Leon's story. New York: Scholastic Inc.

Chicago

Tillage Leon Walter, Roth Susan L, . 2002. Leon's story. New York: Scholastic Inc.

Harvard

Tillage L. W., Roth S. L., . (2002). Leon's story. New York: Scholastic Inc.

MLA

Tillage Leon Walter, Roth Susan L, . Leon's story. New York: Scholastic Inc. 2002.

  • Place hold
  • Print
  • Cite
  • Add to your cart (remove)
  • Save record
    BIBTEX Dublin Core MARCXML MARC (non-Unicode/MARC-8) MARC (Unicode/UTF-8) MARC (Unicode/UTF-8, Standard) MODS (XML) RIS
  • More searches
    Search for this title in:
    Other Libraries (WorldCat) Other Databases (Google Scholar) Online Stores (Bookfinder.com) Open Library (openlibrary.org)

Exporting to Dublin Core...

SOUTHVILLE LIBRARY

Southville International School and Colleges Library

1281 Tropical Ave. Cor. Luxembourg St., BF Homes International, Las Pinas City

Tel. No. 8256374 / 252358 Loc. 117/146

Powered by Koha